| 000 | 01314cad a22002295a 4500 | ||
|---|---|---|---|
| 001 | L156437 | ||
| 008 | 120521s2012 xxk 000 0 eng d | ||
| 035 | _a(Sirsi) u156437 | ||
| 041 | 0 | _aeng | |
| 110 | 2 |
_aJones Lang LaSalle _93755 |
|
| 245 | 0 | 0 |
_aUK office market outlook _h[electronic resource] |
| 260 |
_aLondon _bJLL _c2012 |
||
| 490 | 0 |
_aJones Lang LaSalle UK Office Market Outlook _v Q1 2012 May 2012 |
|
| 520 | _aEconomic concerns dampened office take-up across the UK regions and employment projections suggest an unremarkable year for take-up although the Olympics could boost H2 2012 figures. 2012 will see greater pressure on Grade A supply caused by limited development and developers struggling to finance speculative projests. Rental polarisation will intensify in 2012 with the gap between prime and secondary quality stock and locations expanding. | ||
| 520 | _aStatistical summary - UK office rental clock - UK outlook - Birmingham - Bristol - Cardiff - Leeds - Manchester - Western Corridor -Edinburgh - Glasgow - Definitions. | ||
| 590 | _aKA | ||
| 651 | 4 | _aEngland | |
| 651 | 4 | _aScotland | |
| 690 |
_aCommercial property _96227 |
||
| 856 | 4 | 0 |
_uhttps://www.joneslanglasalle.co.uk/UnitedKingdom/EN-GB/Pages/ResearchFilter.aspx _zView the report at www.joneslanglasalle.co.uk |
| 942 | _n0 | ||
| 999 |
_c84011 _d84011 |
||